00417nam a22001577a 4500008004100000082001200041100001700053245004500070260002000115502004200135650001400177650001600191650002300207942001200230999001700242160223b xxu||||| |||| 00| 0 eng d aCD11690 aPoudel, Amar aCauses of low achievement in mathematics aKathmanduc2015 aDissertationbDegree in EducationcTU aEducation aMathematics aStudy and teaching 2ddccVM c77518d77507